| 000 | 00757nam a22002537a 4500 | ||
|---|---|---|---|
| 005 | 20170123162327.0 | ||
| 010 | _aA-420111 | ||
| 020 | _c20.00 | ||
| 035 | _aA-420111 | ||
| 037 | _bCen Lib/Ret | ||
| 040 |
_aDPL _bUR |
||
| 082 |
_aک _bق ے ص |
||
| 100 |
_aقیصرامینددیں خان _958239 |
||
| 245 |
_aحدیث جہاں / _cقیصرامینددیں خان |
||
| 246 |
_aHadees-e-jahan / _bby Qaiar Ameenuddin Khan |
||
| 260 |
_aلاہور _bمکتبہ علیہ _c1982 |
||
| 270 | _bلاہور | ||
| 300 |
_a144p. _c21cm(Hb) |
||
| 650 |
_aادب - اردو _9119950 |
||
| 650 |
_a اردو کہانیاں _9119951 |
||
| 650 |
_aLitrerature -- Urdu _9119952 |
||
| 650 |
_aUrdu stories _9119953 |
||
| 942 |
_2ddc _cUR _hک _mق ے ص |
||
| 999 |
_c107534 _d107534 |
||